| 000 | 00438nam a2200193Ia 4500 | ||
|---|---|---|---|
| 008 | 170918s9999 xx 000 0 und d | ||
| 020 | _a9780590208338 | ||
| 050 | _bY471 1995 | ||
| 100 | _aYep, Laurence | ||
| 245 | _aHiroshima / | ||
| 245 | _cLaurence Yep. | ||
| 260 | _aNew York : | ||
| 260 | _bScholastic, | ||
| 260 | _c1995 | ||
| 300 | _a55 pages : | ||
| 300 | _bcolored illustration ; | ||
| 300 | _c19cm. | ||
| 500 | _a660 | ||
| 999 |
_c341879 _d341879 |
||